00936nam a2200193 a 450000100100000000500170001000800410002704000250006810000210009324500580011426000510017230000210022349000300024483000370027495201200031195201050043195201890053699900170072500003941620201002031635.0130626s2001 dr 000 0 spa  aDO-SdBNPbspacBNPHU1 aChillello96561313aEl verano de los sabios :b¿Que somos? /cChillello. aSanto Domingo :bEdiciones Mentelibros,c2001. a174 p. ;c23 cm.1 aProfecías de la ciencia 0aProfecías de la ciencia965614 001054708DSaGRbGRcHDd2018-06-20iLF1l0o p39416-30r2020-06-25te. 3w2020-06-25yLFDSZPréstamo en sala 0010718PDaPDbPDcHDd2013-06-26iLF1l0o p39416-10r2020-06-25w2020-06-25yLFPDZNo se presta 0010718PDaPDbPDcHDd2015-08-25iLF1l0o p39416-20r2020-06-25te. 2w2020-06-25yLFPDzPerteneció a la biblioteca personal de Chiqui Vicioso / Fidelio Despradel.ZNo se presta c38906d38906